000 00519nam a22002051a 4500
001 1827
003 OSt
005 20260204211748.0
008 040122s1980||||dr ||||||b||||||||||spa||
020 _a8449935903
050 _aRD 613.113 P215v
082 _aRD 613.113 P215v
100 _aPareja, Manuel
245 _aLa vida en los tropical / Manuel Pareja
264 _aSanto Domingo : Editora de Santo Domingo
300 _a221 p.
500 _aIncluye indice
650 _a1.Climas TropicalÌ
942 _2ddc
_cBK
999 _c1827
_d1827